000 02251cam a22002294a 4500
005 20250605164239.0
008 250528s ||||||||||||||||||||||||d
035 _a21258
020 _a9789603946441
040 _aGR-AtMCL
_bgre
_dGR-AtMCL
_eAACR2
245 1 _aABC του Πρώτου Χρόνου Ζωής / Έκτη Έκδοση
250 _a
260 _bΕκδόσεις Παρισιάνου,
_c2009
300 _a144
520 _aΤο παρόν βιβλίο αποτελεί έναν σαφή οδηγό όσον αφορά στη φυσιολογική ανάπτυξη καθώς και στη διάγνωση και αντιμετώπιση των ασθενειών σε νεογνά και βρέφη. Πρόλογος, Προγεννητικός Έλεγχος, Ανάνηψη του Νεογνού, Νεογνά με Χαμηλό Βάρος Γέννησης, Αναπνευστικές Δυσκολίες στο Νεογνό, Τραύματα κατά τη Γέννηση, Μερικές Συγγενείς Ανωμαλίες, Εξέταση Ρουτίνας στο Νεογνό, Εξαρθρωμένο και Εξαρθρώσιμο Ισχίο στο Νεογνό, Λοίμωξη στο Νεογνό, Ο Ίκτερος στο Νεογνό, Οι Σπασμοί στο Νεογνό, Έμετοι, Διάρροιες, Ο Δεσμός Μητέρας - Βρέφους, Ανάπτυξη και Πίνακες Ανάπτυξης, Διατροφή και Προβλήματα Διατροφής, Διαταραχή στην Ανάπτυξη, Απογαλακτισμός, Εξέταση στις Έξι Εβδομάδες, Εξέταση στους Οκτώ Μήνες, Αναπνευστικές Λοιμώξεις στο Μεγαλύτερο Βρέφος, Πυρετός στο Μεγαλύτερο Βρέφος, Σπασμοί στο Μεγαλύτερο Βρέφος, Βρέφη που Κλαίνε και Προβλήματα στον Ύπνο, Μη Τυχαίος Τραυματισμός, Επιλεγμένα Φάρμακα, Ευρετήριο.
700 1 _aThomas Roslyn
_97294
700 1 _aValman H.B
_96874
700 1 _aΧρούσος Γεώργιος
_96873
942 _cBK
999 _c6325
_d6325